000
00297nam a22001457a 4500
003
SGT
020
_a
0312253796
082
_a
610
_b
I00P
100
_a
PRESSMAN, ALAN. H.
245
_a
INTEGRATIVE MEDICINE
250
_a
1ST
260
_b
MARTIN'S PRESS
_c
2000
300
_a
590
942
_2
ddc
_c
BK
999
_c
19797
_d
19797